00689nam a2200181 a 4500003000200000005001700002008004100019050003100060100002100091245008400112260009000196300002300286650005800309650003600367650003100403650003300434650004000467020250306092759.0101013s19uu xx 00 eng d aPHS DS 675.8.W6b.En7 2010 aEnriquez, Ilora. aThe role of Filipino women in the 1896 Philippine revolution /cIlora Enriquez. aLas Piñas City, Philippines :bSouthville International School and Colleges,c2010. a30 pages ;c30 cm. aWomenxPolitical activityzPhilippinesv19th century. aFeminismzPhilippinesxHistory. aWomen in warzPhilippines. aWomenzPhilippinesxHistory. aWomen revolutionarieszPhilippines.